000 01022nam a2200265Ia 4500
003 OSt
005 20221005104950.0
006 a|||||r|||| 00| 0
007 ta
008 221004b |||||||| |||| 00| 0 hin d
020 _a9788190553421 (hbk)
024 _a108639
037 _cTextual
040 _aCRL
_cCRL
_bhin
041 _2hin
_ahin
082 _aO1,3x, 152P8
100 _aशर्मा, विष्णु चंद्र
245 0 _aजमा खाता
_b रूस, अमेरीकी, अर्जेन्टीना, क्यूबा और हिन्दी कहानी
246 _aJamā khātā: rūsa, amerīkī, arjenṭīnā, kyūbā aur hindī kahānī
260 _aदिल्ली
_bस्वराज प्रकाशन भारत
_c2008
300 _a160पृ0
_ccm.
650 _aविश्व कहानी
942 _hO1,3x, 152P8
_cTEXL
_2cc
999 _c1014323
_d1014323